000 00472nmm a2200169Ia 4500
008 251105s9999||||xx |||||||||||||||||und||
020 _a9789560102348
041 _aspa
100 _aPalma, Tobías G.
245 0 _aSantiago underland
264 _a[Santiago de Chile, Chile] :
_bRil editores,
_c2015
300 _a390 páginas
490 _a80 mundos
650 _aLatin American narrative
856 _uhttps://public.digitaliapublishing.com/a/42572
942 _cCF
999 _c93725
_d93725